| 000 | 00769nam a2200217Ia 4500 | ||
|---|---|---|---|
| 999 |
_c31874 _d31874 |
||
| 003 | GCL | ||
| 005 | 20240530102402.0 | ||
| 008 | 140319s9999 xx 000 0 ara d | ||
| 040 |
_aGCL / _cGCL |
||
| 082 | 0 | 4 |
_a415/ _bأ ت |
| 100 | 1 | _aالاعمش، ابومحمد سليمان بن مهران الاسرى | |
| 245 | 1 | 2 |
_aالتخريجات النحوية والصرفية لقراءة الاعمش / _cابومحمد سليمان بن مهران الاسرى الاعمش |
| 260 |
_a[S.N] : _bمطبعة الحسين الجامعية ، _c1991 |
||
| 300 | _a488 ص | ||
| 650 | 0 | 4 | _aالنحو |
| 650 | 0 | 4 | _aاللغة العربية |
| 650 | 0 | 4 | _aالصرف |
| 650 | 0 | 4 | _aالافعال |
| 700 | 1 | _aسمير احمد عبد الجواد | |
| 942 |
_2ddc _cBK |
||